| 000 | 00547nam a2200181Ia 4500 | ||
|---|---|---|---|
| 005 | 20250508161821.0 | ||
| 008 | 008 250505s9999 xx 000 0 hin d | ||
| 037 | _aTextual | ||
| 040 |
_aFEDL _beng _cFEDL |
||
| 041 |
_ahin _2eng |
||
| 084 |
_a304.6, BRO _qFEDL |
||
| 100 | _aBrown Lester R. | ||
| 245 | 0 | _aIn the human interest : A strategy to stabilize world population | |
| 260 |
_aNew Delhi, India _bAffiliated East-West Press Pvt. Ltd. _c1974 |
||
| 300 | _a190p. | ||
| 942 |
_cTEXL _h304.6, BRO |
||
| 999 |
_c1372429 _d1372429 |
||